000 00804nam a2200217 i 4500
001 63697
003 ES-MaACL
005 20230906164938.0
007 t|
008 031216s1942 sp ||||1| spa d
100 1 _aFiebiger, Josef.
_950693
245 1 4 _aLos parásitos animales del hombre y de los animales domésticos /
_cpor Josef Fiebiger ; versión de la 3ª edición alemana por Carlos Luis de Cuenca y Rodolfo Reichert.
260 _aMadrid :
_b[s.n.],
_c1942 (
_fViuda de Pueyo)
300 _aXVI, 516 p., 1 lám. :
_bil. ;
_c24 cm.
490 1 _aBiblioteca de biología aplicada
700 1 _aCuenca, Carlos Luis de.
_941995
700 1 _aReichert, Rodolfo.
_995966
830 0 _aBiblioteca de biología aplicada
_9182901
852 _aES-MaACL
_jE-1624
_bR.27347
999 _c63697
_d63697